| 000 | 01641nam a2200373 i 4500 | ||
|---|---|---|---|
| 001 | EBC6476874 | ||
| 003 | MiAaPQ | ||
| 005 | 20211013124726.0 | ||
| 007 | cr cnu|||||||| | ||
| 008 | 210330s2021 ne o 000 0 ger d | ||
| 020 | _z9789004445437 | ||
| 020 | _a9789004445444 (e-book) | ||
| 040 |
_aMiAaPQ _beng _cMiAaPQ |
||
| 041 | _ager | ||
| 100 | 1 |
_aPabst, Stefan, _eauthor. |
|
| 245 | 1 | 4 |
_aDas theologische Profil des Julian von Toledo : _bdas Leben und Wirken eines westgotischen Bischofs des siebten Jahrhunderts / _cvon Stefan Pabst. |
| 264 | 1 |
_aLeiden ; Boston : _bBrill _c2021 |
|
| 300 | _a1 online resource (530 pages). | ||
| 490 | 1 |
_aSupplements to Vigiliae Christianae ; _v165 |
|
| 500 | _aE-Book-ProQuest / Fernzugriff nach Registrierung möglich | ||
| 588 | _aDescription based on print version record. | ||
| 600 | 0 | 0 |
_aJulianus, _cSaint, Bishop of Toledo, _d-690. |
| 655 | 4 | _aElectronic books. | |
| 655 | _aFernzugriff | ||
| 776 | 0 | 8 |
_iPrint version: _aPabst, Stefan. _tTheologische Profil des Julian von Toledo : das Leben und Wirken eines westgotischen Bischofs des siebten Jahrhunderts. _dLeiden, The Netherlands ; Boston : Brill, c2021 _h530 pages _kSupplements to Vigiliae Christianae ; 165. _z9789004445437 |
| 830 | 0 |
_aSupplements to Vigiliae Christianae ; _v165. |
|
| 856 | 4 | 0 |
_uhttps://ebookcentral.proquest.com/lib/maxweberstiftung-ebooks/detail.action?docID=6476874 _zVolltext |
| 942 |
_cEB _2z |
||
| 999 |
_c56673 _d56673 |
||
| 336 |
_2rdacontent _aText _btxt |
||
| 337 |
_2rdamedia _aComputermedien _bbc |
||
| 338 |
_2rdacarrier _aOnline Ressource _bcr |
||